Probleme economice

Na minha lista:
Detalhes bibliográficos
Formato: Periódico
Idioma:romeno
Publicado em: Bucuresti Academia Republici populare Romine
Tags: Adicionar Tag
Sem tags, seja o primeiro a adicionar uma tag!

MARC

LEADER 00000nas1a2200000$$$4500
001 0012958
005 20250730114820.6
041 0 |a rum 
044 |a RO 
245 1 0 |a Probleme economice 
264 1 |a Bucuresti  |b Academia Republici populare Romine